Government policies for inward foreign direct investment in developing countries implications for human capital formation and income inequality
Gespeichert in:
| 1. Verfasser: | |
|---|---|
| Format: | Buch |
| Sprache: | Englisch |
| Veröffentlicht: |
Paris
OECD
2002
|
| Schriftenreihe: | Technical papers
No. 193 |
| Schlagworte: | |
| Tags: |
Keine Tags, Fügen Sie das erste Tag hinzu!
|
MARC
| LEADER | 00000nam a2200000 4500 | ||
|---|---|---|---|
| 001 | c142207 | ||
| 005 | 20221124094526.1 | ||
| 041 | 0 | |a eng | |
| 044 | |a FR | ||
| 245 | 1 | 0 | |a Government policies for inward foreign direct investment in developing countries |b implications for human capital formation and income inequality |c Dirk Willem te Velde |
| 264 | 1 | |a Paris |b OECD |c 2002 | |
| 300 | |a 43 s. | ||
| 490 | 1 | |a Technical papers |v No. 193 | |
| 830 | 0 | |a Technical papers |v No. 193 | |
| 610 | 2 | 0 | |a investície priame zahraničné |
| 610 | 2 | 0 | |a krajiny rozvojové |
| 610 | 2 | 0 | |a kapitál ľudský |
| 610 | 2 | 0 | |a príjmy |
| 610 | 2 | 0 | |a korporácie transnacionálne |
| 610 | 2 | 0 | |a politika hospodárska |
| 610 | 2 | 0 | |a svet |
| 610 | 2 | 0 | |a OECD |
| 100 | 1 | |a Velde, Dirk Willem te | |